Carregant...
Charles Darvin: Jeevajathikalude Utbhavam
| Autor principal: | |
|---|---|
| Format: | Printed Book |
| Idioma: | Malayalam |
| Publicat: |
D.C. Books, Kottayam
D.C. Books, Kottayam
2002
|
| Edició: | 2 |
| LEADER | 00500nam a2200133Ia 4500 | ||
|---|---|---|---|
| 008 | 111204s9999 xx 000 0 mal d | ||
| 100 | |a Philipose John | ||
| 245 | |a Charles Darvin: Jeevajathikalude Utbhavam |c Philipose John | ||
| 250 | |a 2 | ||
| 260 | |b D.C. Books, Kottayam |a D.C. Books, Kottayam |c 2002 | ||
| 300 | |a 120 | ||
| 942 | |c BK | ||
| 999 | |c 207575 |d 207575 | ||
| 952 | |0 0 |1 0 |2 ddc |4 0 |6 576_820000000000000_PHI_C |7 0 |9 229567 |a MAL |b MAL |c ST1 |d 1999-10-18 |g 45.00 |l 0 |o 576.82 PHI/C |p MAL27006 |r 2011-12-05 |v 45.00 |w 2011-12-05 |y BK | ||